Top 20 in Obesity Rate - Statistics

General Stats
  • This quiz has been taken 7 times
  • The average score is 12 of 20
Answer Stats
% obesity Answer % Correct
70.29% American Samoa
83%
40.79% Qatar
83%
52.83% Samoa
83%
63.37% Tonga
83%
57.73% Tuvalu
83%
41.64% United States of America
83%
39.02% Federated States of Micronesia
67%
38.88% Kuwait
67%
38.09% Marshall Islands
67%
69.65% Nauru
67%
39.10% Palau
67%
38.13% Saudi Arabia
67%
39.78% Bahamas
50%
47.02% French Polynesia
50%
38.34% Romania
50%
37.59% Saint Kitts and Nevis
50%
66.05% Cook Islands
33%
63.71% Niue
33%
36.46% Puerto Rico
33%
67.05% Tokelau
33%
No matching quizzes found
Score Distribution
Percent of People with Each Score
Percentile by Number Answered
Your Score History
You have not taken this quiz